000 01497nam a2200229Ia 4500
003 Ost
005 20260507075536.0
008 260507s9999||||xx |||||||||||||| ||und||
020 _a9771151492
040 _cfsecg
041 _aara
082 _a657
100 _aلطفي، أمين السيد أحمد
_eمؤلف
245 0 _aالمحاسبة في شركات السمسرة في الأوراق المالية /
_c أمين السيد أحمد لطفي
260 _aالاسكندرية:
_bالدار اجامعية,
_c2008
300 _a741 صفحة؛
_bإيضاحات ؛
_c24 سم
520 _aيضم البيئة القانونية والتنظيمية لشركات السمسرة في الأوراق المالية، طبيعة وخصائص ومسؤوليات شركات السمسرة في الأوراق المالية، الهيكل التنظيمي والمسؤوليات الوظيفية في شركات السمسرة في الأوراق المالية، سياسات وإجراءات إدارة السمسرة في الأوراق المالية ، مقومات النظام المحاسبي في شركات السمسرة في الاوراق المالية، اتمام الدورة المحاسبية، عرض وتفسير القوائم المالية، معايير الملائمة المالية في شركات السمسرة
653 _aالأوراق المالية
653 _aالشركات- محاسبة
653 _aالمحاسبة
942 _cكتاب
999 _c44843
_d44843